| 000 | 00816am a2200301a 44500 | ||
|---|---|---|---|
| 003 | AR-BaBNM | ||
| 005 | 20251128205612.0 | ||
| 008 | 288019s1991 #AR|||||||||||000 | spa|| | ||
| 040 | _cAR-BaBNM | ||
| 100 | 1 | _aChávez, Fermín | |
| 245 | 1 | 0 |
_aVida del Chacho _bAngel Vicente Peñaloza, general de la confederación |
| 250 | _a4ª ed. aum. y corr. | ||
| 260 |
_aBuenos Aires _bEdiciones Theoría _c1991 |
||
| 300 | _a270 p. | ||
| 490 | 0 | _aTierra en armas | |
| 650 | 4 | _aLITERATURA ARGENTINA | |
| 650 | 4 | _aHISTORIA ARGENTINA | |
| 650 | 4 | _aBIOGRAFIAS | |
| 650 | 4 | _aENSAYO | |
| 650 | 4 | _aSIGLO DIECINUEVE | |
| 650 | 4 | _aCAUDILLOS ARGENTINOS | |
| 650 | 4 | _aMONTONERAS | |
| 650 | 4 | _aORGANIZACION NACIONAL | |
| 650 | 4 | _aCONFEDERACION ARGENTINA | |
| 655 | _aBIOGRAFIAS | ||
| 942 | _cBK | ||
| 998 | _cMARTIN | ||
| 999 |
_c12086 _d12086 |
||